Statistics for Countries That Begin With A 'C'

Click here to take the quiz!

General Stats

  • This quiz has been taken 218 times
  • The average score is 13 of 18

Answer Stats

Answer % Correct
Canada
92%
Cambodia
86%
China
85%
Chile
83%
Croatia
82%
Colombia
81%
Cameroon
80%
Cuba
80%
Chad
80%
Czech Republic
77%
Comoros
75%
Costa Rica
74%
Congo, Republic Of
73%
Cyprus
67%
Cape Verde
62%
Central African Republic
53%
Congo, Dem. Rep. Of The
48%
Cote D'Ivoire
38%

Score Distribution

Percentile by Number Answered

Percent of People with Each Score

Your Score History

You have not taken this quiz